000 00466nam a2200145 i 4500
001 32376
003 ES-MaACL
007 t|
008 030131s1922 sp ||||1| spa d
100 1 _aBenito Mampel, José de.
_927682
245 1 0 _aDerecho Mercantil
_b: obra ajustada al programa de oposiciones del Cuerpo de Aspirantes a la Judicatura /
_cJosé de Benito Mampel.
260 _aMadrid :
_bReus,
_c1922.
300 _a211 p. ;
_c22 cm.
852 _aES-MaACL
_jB-3602
999 _c32376
_d32376